Estudio y métodos y simplificación del trabajo

Guardat en:
Dades bibliogràfiques
Autor principal: Moreno L., Mario (autor)
Format: Llibre
Idioma:espanyol
Publicat: Santiago Centro Chileno de Productividad en la Construcción 1970
Matèries:
Etiquetes: Afegir etiqueta
Sense etiquetes, Sigues el primer a etiquetar aquest registre!

MARC

LEADER 00000nam a2200000 a 4500
001 UCU2707
003 CL-VaPUC
008 960426e19700000CL |||||||||||||||||spa|d
082 0 4 |a 331.041  |b MOR  |2 21 
100 |a Moreno L., Mario  |e autor  |9 359115 
245 1 0 |a Estudio y métodos y simplificación del trabajo 
300 |a 45 p 
942 |c BK 
945 |d 19960426 00:00:00  |a paguirre 
260 |a Santiago  |b Centro Chileno de Productividad en la Construcción  |c 1970 
650 0 |a Producción   |9 263680 
650 7 |a RENDIMIENTO  |2 CL-VaPUC  |9 260872 
650 7 |a UTILIZACION DE RECURSOS  |2 CL-VaPUC  |9 359116 
650 7 |a RENDIMIENTO DEL TRABAJO  |2 CL-VaPUC  |9 359117 
650 7 |a PERSONAL  |2 CL-VaPUC  |9 343747 
650 0 |a Recursos humanos   |9 228420 
650 0 |a Trabajo  |9 313876 
650 7 |a MANO DE OBRA  |2 CL-VaPUC  |9 315053 
650 0 |a Relaciones laborales   |9 335971 
650 0 |a Condiciones de trabajo   |9 359118 
583 |a last modification  |c 19960426 00:00:00  |k Rodrigo Vera 
999 |c 246940  |d 246938 
952 |0 0  |1 0  |4 0  |6 331_041000000000000_MOR_1970  |7 0  |8 A  |9 262318  |a BIBING  |b BIBING  |d 2019-11-19  |i 1642561  |o 331.041 MOR 1970  |p 1642561  |r 2023-03-02  |w 2019-11-19  |y BK  |k CCL